000 00442nam a2200169 a 4500
001 0000-8512
003 ELIB.Books
008 110520 1952
035 _a(ELIB.Books)0000-8657
082 _a234
_bSau
100 _aSauer, Erich
245 _aThe Triumph of the Crucified
260 _bGrand Rapids; Wm .B.Eerdmans Publishing Company
_c1952
650 _aSalvation
942 _2ddc
_cBK
998 _cbat
_e2011-05-20
999 _c8512
_d8512